[Event "Wesel Undeloh op"]
[Site "Wesel Undeloh"]
[Date "2005.04.16"]
[Round "6"]
[White "Deyke, Bernhard"]
[Black "Sander, Eckart"]
[Result "0-1"]
[WhiteElo "1379"]
[BlackElo "1356"]
[PlyCount "72"]
[EventDate "2005.04.14"]
[EventType "swiss"]
[EventRounds "7"]
[EventCountry "GER"]
[SourceTitle "EXT 2007"]
[Source "ChessBase"]
[SourceDate "2006.11.23"]
[SourceVersion "1"]
[SourceVersionDate "2006.11.23"]
[SourceQuality "1"]

1. d4 Nf6 2. Nf3 e6 3. g3 b6 4. Bg2 Bb7 5. 0-0 d5 6. Bf4 Bd6 7. e3 Bxf4 8. exf4 0-0 9. Re1 c5 10. c3 Nbd7 11. Nbd2 Rc8 12. Ne5 cxd4 13. cxd4 Qe7 14. Rc1 Rxc1 15. Qxc1 Rc8 16. Qd1 Qb4 17. Nxd7 Nxd7 18. Nf3 Bc6 19. Qb3 Qxb3 20. axb3 Bb5 21. Bf1 Bxf1 22. Kxf1 Rc2 23. Ne5 Nf6 24. f5 Rxb2 25. Rc1 h6 26. fxe6 fxe6 27. Rc6 Ne4 28. Rc8+ Kh7 29. Rf8 Rxb3 30. Rf7 a5 31. Nc6 Rb2 32. Kg1 Kg8 33. Rb7 Nxf2 34. Nxa5 Nh3+ 35. Kf1 Rf2+ 36. Ke1 bxa5 0-1